Największe/a... - Statystyki

Ogólne statystyki
  • Ten quiz został rozwiązany 54 razy
    25 od ostatniego zresetowania
  • Średni wynik to 10 z 16
Statystyki odpowiedzi
Największe/a... Odpowiedź % Poprawnych
Góra Świata Mount Everest
100%
Państwo Świata Rosja
100%
Rzeka w Amerykach Amazonka
96%
Rzeka Świata Nil
88%
Jezioro Polski Śniardwy
83%
Pustynia Świata Sahara
79%
Morze w Europie Śródziemne
79%
Państwo Afryki Algieria
71%
Grecka Wyspa Kreta
71%
Góra Europy Mont Blanc
67%
Miasto w Kanadzie Toronto
54%
Jezioro Świata Kaspijskie
46%
Wyspa Indonezji Borneo
42%
Imperium Świata Brytyjskie
29%
Zatoka Świata Bengalska
21%
Morze na Świecie Filipińskie
8%
Nie znaleziono quizów pasujących do podanych kryteriów
Rozkład punktacji
Procent ludzi z każdym wynikiem
Percentyl według liczby udzielonych odpowiedzi
Twoja historia wyników
Nie rozwiązałeś tego quizu od ostatniego zresetowania